| 000 | 00669nab#a2200205#c#4500 | ||
|---|---|---|---|
| 999 |
_c19265 _d19265 |
||
| 003 | IEF | ||
| 005 | 20191211122705.0 | ||
| 008 | 950704s1975 uuu|| #####0 b| |u | ||
| 040 |
_aIEF _cES-MaIEF |
||
| 100 | 1 |
_aMurillo Ferrol, Francisco _930798 |
|
| 245 |
_aLa nueva Economía Política _b(notas deshilvanadas, desde la perspectiva de la Ciencia Política) _c Francisco Murillo Ferrol |
||
| 260 |
_aMadrid _b Instituto de Estudios Fiscales [IEF] _c1975 |
||
| 500 | _aBibliografía | ||
| 650 | 4 |
_aECONOMIA _943074 |
|
| 650 | 4 |
_aTEORIA ECONOMICA _948552 |
|
| 773 | 0 |
_tHacienda pública española _w34570 _g34, p. 169-192 |
|
| 942 | _2udc | ||
| 942 | _2udc | ||